Efectos del entorno, efectos de grupo y conflictos de lealtad: La implicación yihadista como proceso de entrada circunstancial y bajo presión (notice n° 1716393)
[ vue normale ]
| 000 -LEADER | |
|---|---|
| fixed length control field | 01238cam a2200157 4500500 |
| 005 - DATE AND TIME OF LATEST TRANSACTION | |
| control field | 20260322001624.0 |
| 041 ## - LANGUAGE CODE | |
| Language code of text/sound track or separate title | fre |
| 042 ## - AUTHENTICATION CODE | |
| Authentication code | dc |
| 100 10 - MAIN ENTRY--PERSONAL NAME | |
| Personal name | Benaïssa, Chaïb |
| Relator term | author |
| 245 00 - TITLE STATEMENT | |
| Title | Efectos del entorno, efectos de grupo y conflictos de lealtad: La implicación yihadista como proceso de entrada circunstancial y bajo presión |
| 260 ## - PUBLICATION, DISTRIBUTION, ETC. | |
| Date of publication, distribution, etc. | 2025.<br/> |
| 500 ## - GENERAL NOTE | |
| General note | 20 |
| 520 ## - SUMMARY, ETC. | |
| Summary, etc. | En el marco del programa de investigación europeo H2020 Dialogue About Radicalization And Equality (DARE), este estudio examina las trayectorias de radicalización en los entornos «islamistas» de la región de Bruselas-Capital. A partir de un estudio de caso basado en una investigación empírica y una encuesta etnográfica realizada a lo largo de varios años, se muestra la influencia de los factores estructurales, tanto locales como coyunturales. Combinando diversas fuentes, este estudio analiza cómo surge la implicación violenta en la intersección entre la trayectoria personal, las circunstancias y la disponibilidad biográfica. |
| 786 0# - DATA SOURCE ENTRY | |
| Note | Ethnologie française | 55 | 2 | 2025-10-02 | p. 217-231 | 0046-2616 |
| 856 41 - ELECTRONIC LOCATION AND ACCESS | |
| Uniform Resource Identifier | <a href="https://shs.cairn.info/revista-ethnologie-francaise-2025-2-page-217?lang=es&redirect-ssocas=7080">https://shs.cairn.info/revista-ethnologie-francaise-2025-2-page-217?lang=es&redirect-ssocas=7080</a> |
Pas d'exemplaire disponible.




Réseaux sociaux